| 000 | 00424nam a22001097a 4500 | ||
|---|---|---|---|
| 008 | 230612b xxu||||| |||| 00| 0 eng d | ||
| 082 |
_a352.4908 _bKEN |
||
| 245 |
_a2007/2008 Supplementary estimates Recurrent Expenditures _bEstimate of Further Sums Required to be Voted for the Service of the Year Ending 30th June 2008 _cGovernment of Kenya |
||
| 260 |
_aNairobi _bGovernment of Kenya _c2008 |
||
| 300 | _a605 p | ||
| 942 |
_2ddc _cBK |
||
| 999 |
_c1036 _d1036 |
||